Πολιτική κοινωνικοποίηση
Saved in:
| Main Author: | |
|---|---|
| Format: | Book |
| Language: | Greek |
| Published: |
Αθήνα :
Σάκκουλας,
1976
|
| Series: | Εφηρμοσμένη πολιτική επιστήμη
|
| Subjects: | |
| Tags: |
Add Tag
No Tags, Be the first to tag this record!
|
MARC
| LEADER | 00000nam a2200000 i 4500 | ||
|---|---|---|---|
| 001 | 1/40850 | ||
| 008 | 960222s1979 gre d | ||
| 035 | |l 10025306 | ||
| 040 | |a GR-MY-UA |b gre |e aacr | ||
| 041 | 0 | |a gre | |
| 082 | 0 | |a 306.2 | |
| 100 | 1 | |a Τερλεξής, Πανταζής. | |
| 245 | 1 | 0 | |a Πολιτική κοινωνικοποίηση |
| 260 | |a Αθήνα : |b Σάκκουλας, |c 1976 | ||
| 300 | |a 173 σ. | ||
| 490 | 1 | |a Εφηρμοσμένη πολιτική επιστήμη | |
| 650 | 0 | 0 | |a Political socialization. |
| 650 | 0 | 0 | |a Political psychology. |
| 650 | 0 | 0 | |a Political sociology. |
| 830 | 0 | |a Εφηρμοσμένη πολιτική επιστήμη | |
| 852 | |a INST |b CHIOS |e 19960222 |h 306.2 MET |p 005200006249 |q 005200006249 |t BK |y 0 | ||
| 909 | |a Χ |b 001979 | ||